000 00410nam a2200169Ia 4500
008 230524s9999 xx 000 0 und d
020 _a9780330418966
082 _bARC
100 _aJeffrey Archer
_937862
245 0 _aShall We Tell The President ?
250 _a1
260 _aNew Delhi
_bPan
_c2003
300 _a330p;
500 _aQuantity Number: 1
650 _aMiscellaneous
_91877
942 _cBK
999 _c52329
_d52329